Statistiche per Top 15 dei paesi con decessi Covid-19 - 15 giugno

Clicka qui per fare il quiz!

Statistiche generali

  • Questo quiz è stato fatto 2 volte
  • Il punteggio medio è 12 su 20

Statistiche sulle risposte

nazione% Corretto
Brasile
100%
Francia
100%
Germania
100%
Italia
100%
Regno Unito
100%
Russia
100%
Spagna
100%
Stati Uniti
100%
Belgio
50%
Canada
50%
Cile
50%
India
50%
Iran
50%
Paesi Bassi
50%
Perù
50%
Svezia
50%
Ecuador
0%
Irlanda
0%
Messico
0%
Svizzera
0%

Distribuzione punteggi

Percentile per numero di risposta

Percentuale di utenti per punteggio

I tuoi punteggi nel tempo

Non hai fatto questo quiz